Bővül a szakkínálat 675 diplomát osztottak ki a Selye János Egyetemen

Podrobná bibliografia
Médium: Článok
Jazyk:maďarčina
Fyzický popis:Fotogr.
ISSN:1335-6631
Predmet:

MARC

LEADER 00000nab a2200000 ar4500
001 vtls009935421
003 SK-MaSNL
005 20260318123518.0
008 090731c2009 xo |||||||| 000 b|hun
015 |a SNBRB2009/07  |2 snkbucl 
038 |a SNKBUCL 
040 |a DSZK  |b slo  |c DSZK  |e AACR2 
041 0 |a hun 
044 |a xo  |c SK 
080 |a 378.4  |x (=511.141)  |x (437.6)  |2 1997 
080 |a 378.2  |2 1997 
245 0 0 |a Bővül a szakkínálat  |b 675 diplomát osztottak ki a Selye János Egyetemen  |c [szerző] (gys) 
300 |b Fotogr. 
610 2 7 |a Univerzita J. Selyeho  |2 SNKPH  |9 178415 
648 7 |a 2009  |2 snkbucl  |9 320114 
650 0 7 |a vysokoškolské diplomy  |2 snkbucl  |9 31622 
650 0 7 |a promócie  |2 snkbucl  |9 23483 
651 7 |a Komárno (Slovensko)  |2 SNKPHgeo  |9 39168 
773 0 |t Szabad újság  |g Évf. XVII, sz. 29 (2009), o. 18  |x 1335-6631 
852 |a SNK  |b KIS3GCP 
852 |a DSZK  |b KIS3GCP 
958 |a HU 
958 |a SK 
999 |c 2642029  |d 2643959